Statistiques concernant Épeler "Barack Obama"

Cliquez ici pour prendre le quiz!

Statistiques générales

  • Ce quiz a été pris 65 fois
  • Le résultat moyen est 9 sur 18

Statistiques - réponses

LettreDéfinitionTerme% Correct
ALe prénom de la chancelière fédérale allemand. Il lui a visité souventAngela
87%
BNom de famille du président précédentBush
85%
KSon père venait de ce pays AfricainKenya
80%
AIl n'a pas fini l'intervention des États-Unis dans ce paysAfghanistan
73%
IIl a fini l'intervention des États-Unis dans ce paysIrak
70%
EIl a montré de l'engagement pour des...renouvelableEnergies
68%
HÉtat fédéré où Obama est néeHawaï
60%
SIl était...en Illinois 2005-2008Sénateur
57%
OAutre nom pour "Patient Protection and Affordable Care Act"Obamacare
50%
AIl était le premier président...des États-UnisAfro-Américain
48%
AOrganisation terroriste contre laquelle il s'est battuAl-Qaïda
48%
NIl aimerait un monde sans armes...Nucléaires
45%
MSon adversaire pendant la campagne électorale 2008 (nom de famille)McCain
43%
Ble vice-président (nom de famille)Biden
42%
RSon adversaire pendant la campagne électorale 2012 (nom de famille)Romney
32%
CMinistre des Affaires étrangères 2009-2013 (nom de famille)Clinton
28%
SVille, où il a annoncé sa candidature pour la campagne électoraleSpringfield
8%
UÉglise, de laquelle il est membre depuis 1985 (nom anglais)United Church of Christ
0%

Distribution des résultats

Percentile par nombre de réponses

% des personnes avec chaque résultat

Votre développement - résultats

Vous n’avez pas pris ce quiz